神仙故事(中)
| 資料類型: | 圖書 | 書目號: | 40824 |
Leader xxxxxxxxxx 001 __ PCLIS00040824 005 __ 20091007160149.49 010 0_ |a957-|b平裝|dNT$400 020 __ |acw|b82005151 100 __ |a20091007d2009 0chib0109 e 101 0_ |achi 102 __ |acw 105 __ |aa z 000yy 200 1_ |a神仙故事(中)|e|f姜濤編著|g 205 __ |a初版 210 __ |a臺北市|c莊嚴|d民79年 215 0_ |a面|c圖, 表|d公分 225 1_ |a|v 300 __ |a 681 __ |a857.4|b 700 __ |a姜濤|b|4編著 702 _1 |a|b|4 801 __ |acw|b本館|c20091007 |